| 000 | 00645cam a2200217 a 4500 | ||
|---|---|---|---|
| 001 | 000003381 | ||
| 005 | 20200929150427.0 | ||
| 008 | 910522s1993 ag 001 1 spa | ||
| 020 | _a9500811375 | ||
| 040 |
_aDO-SdBNP _cDLC _dDLC _dOCoLC _dDLC |
||
| 082 |
_a813.54 _bL972d |
||
| 100 | 1 |
_aLustbader, Eric. _910550 |
|
| 245 | 1 | 0 |
_aDaga negra / _cEric Lustbader. |
| 260 |
_aBuenos Aires : _bAtlántida, _c1993. |
||
| 300 |
_a486 p. ; _c24 cm. |
||
| 534 | _aTítulo original : Black blade | ||
| 504 | _aIncluye índice | ||
| 650 | 4 |
_aNovela estadounidense _9262 |
|
| 650 | 4 |
_aLiteratura estadounidense _9263 |
|
| 910 | _aCatalogación por copia / LC | ||
| 999 |
_c3211 _d3211 |
||